|
|
|
|
| LEADER |
00000nam a2200000 i 4500 |
| 001 |
1/7825 |
| 008 |
000623s1995####ru 0|| | eng|| |
| 020 |
|
|
|a 9546420077
|
| 035 |
|
|
|l 10062430
|
| 040 |
|
|
|a GR-MY-UA
|b gre
|e aacr
|
| 041 |
0 |
|
|a eng
|b rus
|
| 082 |
0 |
|
|a 597.9
|
| 245 |
1 |
0 |
|a Amphibian populations in the Commonwealth of Independent States :
|b current status and declines /
|c editors, Sergius L. Kuzmin, C. Kenneth Dodd, Jr., and Mikhail M. Pikulik.
|
| 260 |
|
|
|a Moscow :
|b Pensoft,
|c 1995.
|
| 300 |
|
|
|a 159 σ. :
|b εικ.
|
| 504 |
|
|
|a Περιλαμβάνει βιβλιογραφία (σ. 146-156)
|
| 650 |
0 |
0 |
|a Amphibian populations
|z Former Soviet republics.
|
| 650 |
0 |
0 |
|a Amphibian populations
|z Russia (Federation)
|
| 700 |
1 |
|
|a Kuzmin, Sergius L.
|e edt
|
| 700 |
1 |
|
|a Dodd, C. Kenneth,
|e edt
|
| 700 |
1 |
|
|a Pikulik, Mikhail M.
|e edt
|
| 710 |
2 |
|
|a IUCN/SSC Declining Amphibian Populations Task Force.
|
| 852 |
|
|
|a INST
|b LESVOS
|c BK
|e 20000623
|h 597.9 AMP
|p 005100023293
|q 005100023293
|t BK
|y 0
|
| 901 |
|
|
|a BIBL1-2000-2
|
| 909 |
|
|
|a Λ
|b 074838
|
| 922 |
|
|
|a 1ΕΛΗ
|b 200001
|c ΚΠΣ/ΤΠ
|d GLORY
|
| 950 |
|
|
|a 107-1999-12-23
|
| 970 |
|
|
|z 2000/06/ΟΙΚΟΝΟΜΟΠΟΥΛΟΥ ΧΡΙΣΤΙΝΑ
|